000 00450nam a2200157Ia 4500
001 62686
008 080101n ii |||gr||||Z||||||297
082 _a892.7
100 _aNadwi, Syed Ihtisham Ahmed,
_eAuthor.
245 0 _aAl-Makhtubat
_cby Syed Ihtisham Ahmed Nadwi
_hTextual Documents
260 _aAligarh
_bAcademy of Arabic studies
300 _a76p:
_c23cm.
653 _aAarabic & Persian
653 _aG-Aarabic & Persian
942 _2ddc
_cBK
999 _c63793
_d63793